[Event "Doeberl Cup Minor 48th"]
[Site "Canberra"]
[Date "2010.04.04"]
[Round "5"]
[White "Eldridge, James"]
[Black "Nater, Carl"]
[Result "1/2-1/2"]
[WhiteElo "1306"]
[BlackElo "1025"]
[PlyCount "131"]
[EventDate "2010.04.02"]
[EventType "swiss"]
[EventRounds "7"]
[EventCountry "AUS"]
[SourceTitle "EXT 2012"]
[Source "ChessBase"]
[SourceDate "2011.11.24"]
[SourceVersion "1"]
[SourceVersionDate "2011.11.24"]
[SourceQuality "1"]

1. e4 e5 2. Bc4 d6 3. d3 Nc6 4. c3 Na5 5. Bb3 Nxb3 6. Qxb3 Be7 7. Nf3 b6 8. 0-0 Be6 9. Qc2 Bg4 10. Nbd2 Qd7 11. Re1 h5 12. d4 f6 13. Nh4 g5 14. Nf5 0-0-0 15. Nc4 h4 16. Nce3 Bh5 17. Qb3 g4 18. Qd5 Kb8 19. a4 c6 20. Qb3 g3 21. fxg3 hxg3 22. Nxg3 Bf8 23. a5 b5 24. Nef5 a6 25. Be3 Bg4 26. c4 Ne7 27. Nxe7 Qxe7 28. d5 c5 29. cxb5 Qb7 30. b6 Bh6 31. Rac1 Bf4 32. Qd3 Bxg3 33. hxg3 Bd7 34. b4 Bb5 35. Qd1 c4 36. Qf3 Rhf8 37. Kf2 Rd7 38. Rh1 Rdf7 39. g4 Qc8 40. Rh6 c3 41. Bd2 c2 42. Rh3 Rg8 43. Rg3 Bd7 44. Qc3 Qxc3 45. Rxc3 Rxg4 46. Kf3 f5 47. g3 fxe4+ 48. Kg2 Bf5 49. Be3 Rfg7 50. Bf2 e3 51. Rxe3 Be4+ 52. Kh3 Bxd5 53. Rxc2 Be6 54. Kg2 Rxb4 55. Rec3 Bd5+ 56. Kf1 Be6 57. Rc7 Bh3+ 58. Ke1 Re4+ 59. Kd2 Rxc7 60. bxc7+ Kb7 61. Bb6 d5 62. Rc1 d4 63. Re1 Rxe1 64. Kxe1 e4 65. Bxd4 Kxc7 66. Kd2 1/2-1/2

[Event "Doeberl Cup Minor 47th"]
[Site "Canberra"]
[Date "2009.04.12"]
[Round "6"]
[White "Nater, Carl"]
[Black "Jochimsen, Erik"]
[Result "0-1"]
[WhiteElo "1012"]
[BlackElo "1303"]
[PlyCount "50"]
[EventDate "2009.04.10"]
[EventType "swiss"]
[EventRounds "6"]
[EventCountry "AUS"]
[SourceTitle "CBM 129 Extra"]
[Source "ChessBase"]
[SourceDate "2009.05.05"]
[SourceVersion "2"]
[SourceVersionDate "2009.05.20"]
[SourceQuality "1"]

1. e4 d5 2. e5 e6 3. Nf3 c6 4. b3 Bb4 5. Bb2 Ne7 6. Bd3 Ng6 7. Nc3 Nd7 8. Qe2 Nf4 9. Qf1 Qc7 10. 0-0-0 Nxe5 11. Nxe5 Qxe5 12. Ne2 Nxd3+ 13. cxd3 Qg5 14. f4 Qh6 15. g4 Bd7 16. Qf2 f6 17. h4 Qg6 18. Qf3 0-0-0 19. h5 Qf7 20. Kb1 Rhf8 21. a3 Bd6 22. Qe3 b6 23. d4 Qe7 24. Ka2 Kb7 25. Rhf1 h6 0-1

[Event "Doeberl Cup Minor 47th"]
[Site "Canberra"]
[Date "2009.04.10"]
[Round "1"]
[White "Nater, Carl"]
[Black "Renzies, Elliott"]
[Result "0-1"]
[WhiteElo "1012"]
[BlackElo "1405"]
[PlyCount "42"]
[EventDate "2009.04.10"]
[EventType "swiss"]
[EventRounds "6"]
[EventCountry "AUS"]
[SourceTitle "CBM 129 Extra"]
[Source "ChessBase"]
[SourceDate "2009.05.05"]
[SourceVersion "2"]
[SourceVersionDate "2009.05.20"]
[SourceQuality "1"]

1. e4 e5 2. Bc4 Nf6 3. d3 Bc5 4. Bg5 d6 5. Ne2 Bxf2+ 6. Kd2 Nxe4+ 7. dxe4 Qxg5+ 8. Kc3 0-0 9. Qd3 Nc6 10. Nd2 Nd4 11. Nf3 Nxe2+ 12. Qxe2 Qe3+ 13. Qxe3 Bxe3 14. Raf1 Be6 15. Nh4 g6 16. Rf3 Bh6 17. Rhf1 Bg7 18. R3f2 c6 19. a4 d5 20. Bd3 dxe4 21. Bxe4 f5 0-1

[Event "Doeberl Cup Minor 41st"]
[Site "Canberra"]
[Date "2003.04.18"]
[Round "1.11"]
[White "Nater, Carl"]
[Black "Tran, Christopher"]
[Result "0-1"]
[WhiteElo "1500"]
[BlackElo "1041"]
[PlyCount "55"]
[EventDate "2003.04.18"]
[EventType "swiss"]
[EventRounds "7"]
[EventCountry "AUS"]
[SourceTitle "EXT 2006"]
[Source "ChessBase"]
[SourceDate "2005.11.24"]
[SourceVersion "1"]
[SourceVersionDate "2005.11.24"]
[SourceQuality "1"]

1. e4 c5 2. f4 d5 3. e5 e6 4. c3 Nc6 5. Nf3 Qb6 6. d3 Nge7 7. Be2 d4 8. c4 g6 9. Ng5 Bg7 10. Ne4 0-0 11. 0-0 Nf5 12. b3 f6 13. exf6 Bxf6 14. Nbd2 Ne3 15. Qe1 Nxf1 16. Nxf1 Be7 17. Qg3 Qd8 18. Bh5 Bh4 19. Qf3 gxh5 20. g3 Be7 21. Qxh5 Qe8 22. Qe2 Qg6 23. Kh1 b6 24. Nfd2 e5 25. Nf3 exf4 26. Bxf4 Bf5 27. Rg1 Rad8 28. Nh4 0-1